[Event "Barcelona Sant Marti op-B 24th"]
[Site "Barcelona"]
[Date "2024.07.20"]
[Round "8"]
[White "Izquierdo Sanchez, Alejandro"]
[Black "Sanchez Hernandez, Xavier"]
[Result "0-1"]
[WhiteElo "1484"]
[BlackElo "1598"]
[PlyCount "82"]
[EventDate "2024.07.13"]
[EventType "swiss"]
[EventRounds "9"]
[EventCountry "ESP"]
[SourceTitle "EXT 2025"]
[Source "ChessBase"]
[SourceDate "2024.10.14"]
[SourceVersion "1"]
[SourceVersionDate "2024.10.14"]
[SourceQuality "1"]

1. d4 Nf6 2. Bf4 g6 3. Nf3 Bg7 4. Qd2 0-0 5. Nc3 d5 6. Bh6 b6 7. Bxg7 Kxg7 8. e3 Bb7 9. 0-0-0 Nbd7 10. h3 c5 11. g4 Re8 12. Rg1 cxd4 13. Qxd4 e5 14. Nxe5 Nxe5 15. Bg2 Kg8 16. g5 Ne4 17. Nxe4 dxe4 18. Qb4 Qe7 19. Qc3 Nf3 20. Bxf3 exf3 21. h4 Rac8 22. Qb3 Red8 23. Rde1 Qc5 24. h5 Be4 25. c3 Qd5 26. Qxd5 Rxd5 27. Rg4 Bf5 28. Rf4 Re8 29. e4 Rde5 30. hxg6 fxg6 31. Re3 Rxe4 32. Rexe4 Rxe4 33. Rxf3 Re1+ 34. Kd2 Ra1 35. a3 Rb1 36. b4 Rb3 37. a4 Ra3 38. a5 bxa5 39. bxa5 Rxa5 40. Re3 Kf7 41. Rh3 Bxh3 0-1

[Event "Foment Martinenc op-C 24th"]
[Site "Barcelona"]
[Date "2024.06.15"]
[Round "9"]
[White "Nunez Fernandez, Daniel"]
[Black "Sanchez Hernandez, Xavier"]
[Result "0-1"]
[WhiteElo "1536"]
[BlackElo "1619"]
[PlyCount "92"]
[EventDate "2024.04.20"]
[EventType "swiss"]
[EventRounds "9"]
[EventCountry "ESP"]
[SourceTitle "CBM 220 Extra"]
[Source "ChessBase"]
[SourceDate "2024.07.31"]
[SourceVersion "1"]
[SourceVersionDate "2024.07.31"]
[SourceQuality "1"]

1. e4 e5 2. Nf3 Nc6 3. Bc4 Bc5 4. c3 Nf6 5. d3 a6 6. Nbd2 b5 7. Bb3 d6 8. 0-0 0-0 9. Re1 Ba7 10. h3 Ne7 11. Nf1 Ng6 12. Ng3 Be6 13. Bc2 Qd7 14. Ng5 h6 15. Nxe6 fxe6 16. d4 Kh7 17. Be3 exd4 18. cxd4 e5 19. Nf5 exd4 20. Nxd4 Rae8 21. e5 dxe5 22. Bxg6+ Kxg6 23. Qc2+ Kf7 24. Nf5 Bxe3 25. Rxe3 e4 26. Qb3+ Qe6 27. Qxe6+ Rxe6 28. Rc1 Kg6 29. Nd4 Rd6 30. Rg3+ Kh7 31. Nf5 Rd7 32. f3 Nh5 33. Rg4 Rxf5 34. fxe4 Rf4 35. Rxf4 Nxf4 36. Kf2 Nd3+ 37. Ke3 Nxc1 38. e5 Nd3 39. Ke4 Nc5+ 40. Kf5 Re7 41. b4 Nd3 42. e6 Nxb4 43. a3 Nd3 44. g4 c5 45. h4 c4 46. Ke4 Rxe6+ 0-1

[Event "Foment Martinenc op-C 24th"]
[Site "Barcelona"]
[Date "2024.05.25"]
[Round "6"]
[White "Sanchez Hernandez, Xavier"]
[Black "Herrerias Gonzalez, Andreu"]
[Result "1-0"]
[WhiteElo "1619"]
[BlackElo "1686"]
[PlyCount "71"]
[EventDate "2024.04.20"]
[EventType "swiss"]
[EventRounds "9"]
[EventCountry "ESP"]
[SourceTitle "CBM 220 Extra"]
[Source "ChessBase"]
[SourceDate "2024.07.31"]
[SourceVersion "1"]
[SourceVersionDate "2024.07.31"]
[SourceQuality "1"]

1. e4 c5 2. Nf3 Nc6 3. d4 cxd4 4. Nxd4 g6 5. Nc3 Bg7 6. Be3 d6 7. Bc4 Nf6 8. f3 0-0 9. Qd2 a6 10. 0-0-0 Nxd4 11. Bxd4 b5 12. Bb3 Bb7 13. h4 Nh5 14. g4 Bxd4 15. gxh5 e5 16. hxg6 hxg6 17. Qh6 Qf6 18. h5 Qg7 19. Qxg6 Be3+ 20. Kb1 Qxg6 21. hxg6 Kg7 22. Bxf7 Rh8 23. Rxh8 Rxh8 24. Rxd6 Rh1+ 25. Rd1 Rxd1+ 26. Nxd1 Bc5 27. Nc3 Bf8 28. Nd5 Bc8 29. Kc1 Bd6 30. Kd2 Bh3 31. Kc3 Bg2 32. b4 Bf1 33. f4 Bc4 34. f5 Bxa2 35. f6+ Kf8 36. Be6 1-0

[Event "Foment Martinenc op-C 24th"]
[Site "Barcelona"]
[Date "2024.05.04"]
[Round "3"]
[White "Iglesias Pau, Nil"]
[Black "Sanchez Hernandez, Xavier"]
[Result "0-1"]
[WhiteElo "1491"]
[BlackElo "1619"]
[PlyCount "58"]
[EventDate "2024.04.20"]
[EventType "swiss"]
[EventRounds "9"]
[EventCountry "ESP"]
[SourceTitle "CBM 220 Extra"]
[Source "ChessBase"]
[SourceDate "2024.07.31"]
[SourceVersion "1"]
[SourceVersionDate "2024.07.31"]
[SourceQuality "1"]

1. e4 e5 2. Bc4 Bc5 3. Nc3 Nf6 4. d3 d6 5. f4 Nc6 6. Nf3 Qe7 7. f5 Bd7 8. Bg5 h6 9. Nd5 Qd8 10. Bh4 Nb4 11. Nxf6+ gxf6 12. c3 Nc6 13. Qb3 Rf8 14. Rd1 Na5 15. Qc2 Nxc4 16. dxc4 Bb6 17. Bf2 Rg8 18. 0-0 Qe7 19. Qd2 Bc6 20. Rfe1 Qf8 21. b4 Qg7 22. Bxb6 axb6 23. Re2 Qg4 24. Rde1 Qxf3 25. b5 Bd7 26. Re3 Qf4 27. Rf1 Rxa2 28. Qxa2 Qxe3+ 29. Rf2 Ke7 0-1

[Event "Foment Martinenc op-C 23rd"]
[Site "Barcelona"]
[Date "2023.05.20"]
[Round "5"]
[White "Sanchez Hernandez, Xavier"]
[Black "Roca Peralta, Jesus"]
[Result "1-0"]
[WhiteElo "1217"]
[BlackElo "1551"]
[PlyCount "115"]
[EventDate "2023.04.22"]
[EventType "swiss"]
[EventRounds "9"]
[EventCountry "ESP"]
[SourceTitle "EXT 2024"]
[Source "ChessBase"]
[SourceDate "2023.10.10"]
[SourceVersion "1"]
[SourceVersionDate "2023.10.10"]
[SourceQuality "1"]

1. e4 c5 2. Nf3 e6 3. d4 cxd4 4. Nxd4 Bc5 5. Nc3 Qb6 6. Na4 Qa5+ 7. Nc3 Nf6 8. Nb3 Qb6 9. Nxc5 Qxc5 10. Be3 Qa5 11. f3 Nc6 12. Qd2 0-0 13. 0-0-0 a6 14. g4 b5 15. Kb1 Ne5 16. Qg2 b4 17. Ne2 Nc4 18. Bd4 e5 19. Bf2 Bb7 20. Bh4 Nd2+ 21. Rxd2 b3 22. Nc3 bxa2+ 23. Nxa2 Ne8 24. Be7 Nc7 25. Bxf8 Rxf8 26. Bc4 Nb5 27. Bxb5 axb5 28. Rhd1 Ra8 29. Rxd7 Qxa2+ 30. Kc1 Qa1+ 31. Kd2 Qxb2 32. Ke1 g6 33. Rxb7 Qc3+ 34. Kf1 Ra2 35. Rc1 b4 36. Qe2 Qb2 37. Qd2 Ra1 38. Rxa1 Qxa1+ 39. Kf2 Qh1 40. Rxb4 Qxh2+ 41. Ke3 Qf4+ 42. Kd3 Qxf3+ 43. Qe3 Qxg4 44. c4 h5 45. c5 Qd1+ 46. Kc4 h4 47. c6 Qf1+ 48. Kc5 Qf6 49. c7 Qe7+ 50. Kc6 Qxb4 51. c8Q+ Kg7 52. Qc5 Qxe4+ 53. Kd6 f6 54. Qd7+ Kh6 55. Qc1+ g5 56. Qcc8 Qf4 57. Qh8+ Kg6 58. Qdh7# 1-0